LEADER 01253nam a2200265 i 4500 001 000000211405 003 CaOOAMICUS 005 20160726000000.0 008 160726s2006 it u000 u ita u 013 $a190218 020 $a88-8311-444-2 040 $aSeMil$bita 245 10$aGiustizia per i minori: strategie e progetti /$ca cura di Maria Luisa De Natale, Sonia Viale. 260 $aMilano :$bI.S.U. Università Cattolica,$c2006. 300 $a301 p. ;$c24 cm. 500 $aSeminario tenuto a Nisida nel 2004. - In testa al front.: Ministero della giustizia, Dipartimento per la giustizia minorile; Università cattolica del Sacro Cuore. 650 4$aGiustizia penale minorile.$0(OLS)http://semarc/subject/6392 700 1 $aViale, Sonia.$0(OLS)http://semarc/name/75530 700 1 $aDe Natale, Maria Luisa <1946- >.$0(OLS)http://semarc/name/15247 850 $aSeMil 852 $aSeMil$W1$xVenegono$y1$m2Q VI 28$j161845$B161845$CSeMilBibl$Z2$F212579 $81 961 $aOmaggio: Altro 996 $6020$a88-8311-444-2$9(OLS)http://semarc/number/206588 996 $6245$aGiustizia per i minori: strategie e progetti$9(OLS)http://semarc/title/305416 996 $6260$aMilano :$bI.S.U. Università Cattolica$9(OLS)http://semarc/publisher/34067 LEADER 01091nam a2200253 i 4500 001 000000063680 003 CaOOAMICUS 005 20040630000000.0 008 040630s1969 it u000 u ita u 013 $a34852 040 $aSeMil$bita 100 1 $aPevsner, Nikolaus,$d<1902-1983>.$0(OLS)http://semarc/name/18127 245 12$aL'architettura moderna e il design :$bda William Morris alla Bauhaus /$cNikolaus Pevsner. 260 $aTorino :$bGiulio Einaudi,$ccopyr. 1969. 300 $a222 p. :$briccamente ill. ;$c22 cm. 490 0 $aSaggi ;$v447 500 $aContiene : Bibliografia essenziale. 650 4$aArchitettura - Storia - Sec. 20.$0(OLS)http://semarc/subject/7888 830 0$aSaggi ;$v447.$0(OLS)http://semarc/title/341 850 $aSeMil 852 $aSeMil$W1$xVenegono$y1$m5K XVI 22$j29833$B29833$CSeMilBibl$Z2$F29836 $81 961 $aOmaggio: Ciprandi dott. Paolo 996 $6245$aL'architettura moderna e il design :$bda William Morris alla Bauhaus$9(OLS)http://semarc/title/100669 996 $6260$aTorino :$bGiulio Einaudi$9(OLS)http://semarc/publisher/29810